000 00669nam a2200241Ia 4500
005 20260121112710.0
008 8091 260114s9999 xx 000 0 eng d
020 _a9789812569479
037 _aEBOOK
040 _aCRL
_beng
_cCRL
041 _aeng
_2eng
084 _qCRL
100 _aEvanoff Douglas D Et Al
_9961805
245 0 _aSystemic Financial Crises: Resolving Large Bank Insolvencies
260 _bWorld Scientific
260 _bWSPC
260 _c2005
650 _aEconomics & Finance
_9961806
856 _uhttps://www.worldscientific.com/worldscibooks/10.1142/5841#t=toc
942 _cEBOOK
999 _c1545391
_d1545391